Patent box ako nástroj podpory vedy a výskumu prostredníctvom daňového systému diplomová práca

Saved in:
Bibliographic Details
Main Author: Romanová, Renáta
Corporate Author: Národohospodárska fakulta EU. Katedra financií
Other Authors: Kušnírová, Jana, 1977-
Format: Book
Language:Slovak
Published: Bratislava 2021
Tags: Add Tag
No Tags, Be the first to tag this record!

MARC

LEADER 00000nbm a2200000 4500
001 0278157
005 20220104092154.5
041 0 |a slo 
044 |a SK 
245 1 0 |a Patent box ako nástroj podpory vedy a výskumu prostredníctvom daňového systému  |b diplomová práca  |c Renáta Romanová ; školiteľ: Jana Kušnírová 
264 1 |a Bratislava  |c 2021 
300 |a 94 s. 
100 1 |a Romanová, Renáta 
700 1 |a Kušnírová, Jana, 1977- 
710 2 |a Národohospodárska fakulta EU. Katedra financií